20 zufällige Charaktere nach Bildern - Detektiv Conan - Statistiken

Allgemein
  • Dieses Quiz wurde 61 mal gespielt
  • Das Durchschnittsergebnis liegt bei 13 aus 20
Antwortstatistiken
Bildquiz Antwort % Korrekt
Conan Edogawa
100%
Genta Kojima
100%
Ai Haibara
94%
Sonoko Suzuki
94%
Vodka
94%
Ayumi Yoshida
92%
Bourbon
92%
Kogoro Mori
92%
Ran Mori
92%
Gin
89%
Heiji Hattori
89%
Hiroshi Agasa
88%
Shuichi Akai
88%
Shinichi Kudo
87%
Kaito Kid
85%
Mitsuhiko Tsuburaya
84%
Miwako Sato
81%
Juzo Megure
80%
Chianti
77%
Yoko Okino
75%
Eri Kisaki
73%
Vermouth
73%
Kazuha Toyama
70%
Ninzaburo Shiratori
67%
Wataru Takagi
64%
Jodie Starling
63%
Yusaku Kudo
61%
Kazunobu Chiba
60%
Tomoaki Araide
59%
James Black
57%
Yumi Miyamoto
57%
Akemi Miyano
50%
Heizo Hattori
50%
Masumi Sera
50%
Eisuke Hondo
46%
Andre Camel
43%
Subaru Okiya
43%
Kir
42%
Korn
42%
Yukiko Kudo
36%
Azusa Enomoto
35%
Ginzo Nakamori
33%
Sango Yokomizo
33%
Sumiko Kobayashi
32%
Ginshiro Toyama
28%
Saguru Hakuba
27%
Kiyonaga Matsumoto
24%
Misao Yamamura
20%
Jugo Yokomizo
14%
Goro Otaki
8%
Keine übereinstimmenden Quizze gefunden
Verteilung der Resultate
Anzahl Personen mit jedem Resultat
Perzentil nach korrekt beantworteten Fragen
Ihre Resultats-Entwicklung
Sie haben dieses Quiz noch nicht gespielt